Normal view
MARC view
Entry Personal Name
001 - CONTROL NUMBER
- control field: 638475
003 - CONTROL NUMBER IDENTIFIER
- control field: OSt
005 - DATE AND TIME OF LATEST TRANSACTION
- control field: 20221005130659.0
008 - FIXED-LENGTH DATA ELEMENTS
- fixed length control field: 221005|| aca||aabn | a|a d
040 ## - CATALOGING SOURCE
- Original cataloging agency: OSt
- Transcribing agency: OSt
100 ## - HEADING--PERSONAL NAME
- Personal name: Rajaraj verma
670 ## - SOURCE DATA FOUND
- Source citation: Work cat.: (OSt)1058018: Rajaraj verma, Sahitya kousthubham, 1954
